| 000 | 00366nam a2200133Ia 4500 | ||
|---|---|---|---|
| 008 | 240624s9999 xx 000 0 und d | ||
| 041 | _aeng | ||
| 082 | _a336.2714 SUB | ||
| 100 | _aSUBRAMANIAN P L | ||
| 245 | _aMAHARASHTRA VALUE ADDED TAX ACT 2002 | ||
| 260 |
_c2010 _aMumbai _bSnow White Publications Pvt. Ltd. |
||
| 300 | _a1584 : p. : cm. ; 24 | ||
| 365 |
_cRS _b15 |
||
| 999 |
_c16680 _d16680 |
||